01158nam a2200277 a 4500001001300000003000900013005001700022008004100039020001100080082001700091100002500108245003200133260005400165300000900219500003500228650001900263700002500282902000800307942000700315952010900322952010800431952010800539952010800647952010800755999001700863nice12345678IN_TiNIC20260116013314.0070620s1996 newa grp 000 0 eng  ac180000a891.51bNIC2 aNicholson, Reynold A aMathnawi of Jalaliddin Rumi aNew Delhi bAdam Publisher and Distributer c1996 a416p aincludes index and biblioraphy aPersian Poetry1 aNicholson, Reynold A bSRS cBK 001040708REFaHMIbHMIcREFd0000-00-00g1800.00l0o891.51 NIC2p017742r0000-00-00w2026-01-16yBK 001040708REFaHMIbHMIcREFd0000-00-00g100.00l0o891.51 NIC2p017743r0000-00-00w2026-01-16yBK 001040708REFaHMIbHMIcREFd0000-00-00g100.00l0o891.51 NIC2p017744r0000-00-00w2026-01-16yBK 001040708REFaHMIbHMIcREFd0000-00-00g100.00l0o891.51 NIC2p017745r0000-00-00w2026-01-16yBK 001040708REFaHMIbHMIcREFd0000-00-00g100.00l0o891.51 NIC2p017746r0000-00-00w2026-01-16yBK c10496d10496